Statistics for W Vocabulary Words Quiz #1

Click here to take the quiz!

General Stats

  • This quiz has been taken 49,426 times
    (15,392 since last reset)
  • The average score is 13 of 20

Answer Stats

Definition Word % Correct
Person who is addicted to workWorkaholic
96%
Unit of powerWatt
93%
Prison bossWarden
91%
Large cooking pan used to
make Asian cuisine
Wok
88%
Man whose wife has diedWidower
86%
To shed tearsWeep
81%
Whistling sound caused by
difficult respiration
Wheeze
79%
A swirling vortex in waterWhirlpool
74%
To cease giving milk to an offspringWean
73%
Certain breakfast food. Or, to vacillateWaffle
71%
Wine-drinking alcoholicWino
70%
Boxing class between
lightweight and middleweight
Welterweight
68%
What a pig does in mudWallow
60%
PierWharf
57%
To sniff; Or, to swing and miss in baseballWhiff
55%
Pickup artist's assistantWingman
52%
To sharpen a knife on a stoneWhet
48%
To complain, in the UKWhinge
44%
Hot mulled cider; Or a Christmas carolWassail
25%
Bitter herb used to make absintheWormwood
24%

Score Distribution

Percentile by Number Answered

Percent of People with Each Score

Your Score History

You have not taken this quiz since the last reset